00381cam a2200157ua 45000010005000000080039000050400009000440820013000531000022000662450037000882500009001252600035001343000017001696530019001866530018002053373111019n ii |||gr||||Z||||||asm cMAIN a891.45131 aBaruah, Kanchan.,11aSubarna Boloicby Kanchan Baruah a2nd. aGuahati:bJyoti Prakashan,986. a243p:c23cm. aAssamese novel aSubarna Boloi